[Event "Kadettlandskamp NOR-SWE A 2018"]
[Site "NTG, Bærum, Norway"]
[Date "2018.12.15"]
[Round "2.2"]
[White "Törngren, Gustav"]
[Black "Sjøberg, Isak"]
[Result "1-0"]
[WhiteFideId "1728970"]
[WhiteElo "1909"]
[BlackElo "2019"]

1. c4 {[%clk 00:15:17]} {[%emt 00:00:02]} Nf6 {[%clk 00:15:18]} {[%emt
00:00:02]} 2. Nc3 {[%clk 00:15:25]} {[%emt 00:00:03]} g6 {[%clk 00:15:27]}
{[%emt 00:00:01]} 3. e4 {[%clk 00:15:28]} {[%emt 00:00:06]} d6 {[%clk
00:15:36]} {[%emt 00:00:01]} 4. d4 {[%clk 00:15:34]} {[%emt 00:00:04]} Bg7
{[%clk 00:15:45]} 5. Be2 {[%clk 00:15:42]} {[%emt 00:00:03]} O-O {[%clk
00:15:53]} {[%emt 00:00:02]} 6. Nf3 {[%clk 00:15:50]} {[%emt 00:00:02]} e5
{[%clk 00:16:00]} {[%emt 00:00:02]} 7. O-O {[%clk 00:15:57]} {[%emt 00:00:03]}
Nc6 {[%clk 00:16:08]} {[%emt 00:00:02]} 8. d5 {[%clk 00:16:05]} {[%emt
00:00:02]} Ne7 {[%clk 00:16:17]} {[%emt 00:00:01]} 9. Ne1 {[%clk 00:16:13]}
{[%emt 00:00:02]} Nd7 {[%clk 00:16:19]} {[%emt 00:00:07]} 10. Nd3 {[%clk
00:16:22]} {[%emt 00:00:02]} f5 {[%clk 00:16:20]} {[%emt 00:00:09]} 11. Bd2
{[%clk 00:16:29]} {[%emt 00:00:03]} Nf6 {[%clk 00:16:03]} {[%emt 00:00:28]} 12.
f3 {[%clk 00:16:37]} {[%emt 00:00:02]} f4 {[%clk 00:16:00]} {[%emt 00:00:12]}
13. g4 {[%clk 00:16:45]} {[%emt 00:00:02]} fxg3 {[%clk 00:14:51]} {[%emt
00:01:20]} 14. hxg3 {[%clk 00:16:53]} {[%emt 00:00:03]} Nh5 {[%clk 00:14:47]}
{[%emt 00:00:13]} 15. Kg2 {[%clk 00:17:00]} {[%emt 00:00:03]} h6 {[%clk
00:13:26]} {[%emt 00:01:31]} 16. Rh1 {[%clk 00:16:54]} {[%emt 00:00:16]} Qe8
{[%clk 00:13:30]} {[%emt 00:00:05]} 17. Qc1 {[%clk 00:15:45]} {[%emt 00:01:20]}
g5 {[%clk 00:12:19]} {[%emt 00:01:21]} 18. Nb5 {[%clk 00:15:41]} {[%emt
00:00:15]} Qg6 {[%clk 00:11:28]} {[%emt 00:01:01]} 19. Nxc7 {[%clk 00:10:47]}
{[%emt 00:05:03]} g4 {[%clk 00:10:57]} {[%emt 00:00:41]} 20. Qe1 {[%clk
00:07:36]} {[%emt 00:03:22]} gxf3+ {[%clk 00:07:15]} {[%emt 00:03:52]} 21. Bxf3
{[%clk 00:07:25]} {[%emt 00:00:20]} Rxf3 {[%clk 00:07:20]} {[%emt 00:00:05]} 22.
Kxf3 {[%clk 00:03:37]} {[%emt 00:03:59]} Bg4+ {[%clk 00:07:26]} {[%emt
00:00:03]} 23. Kg2 {[%emt 00:00:03]} Rf8 {[%clk 00:07:29]} {[%emt 00:00:05]} 24.
Rxh5 {[%clk 00:02:20]} {[%emt 00:01:36]} Qxh5 {[%clk 00:07:18]} {[%emt
00:00:21]} 25. Nf2 {[%clk 00:02:25]} {[%emt 00:00:05]} Bf3+ {[%clk 00:05:58]}
{[%emt 00:01:30]} 26. Kg1 {[%clk 00:02:34]} Rf6 {[%clk 00:05:47]} {[%emt
00:00:21]} 27. Qf1 {[%clk 00:00:29]} {[%emt 00:02:16]} Rg6 {[%clk 00:05:04]}
{[%emt 00:00:52]} 28. Qh3 {[%clk 00:00:37]} {[%emt 00:00:02]} Qxh3 {[%clk
00:05:06]} {[%emt 00:00:08]} 29. Nxh3 {[%clk 00:00:46]} {[%emt 00:00:01]} Rxg3+
{[%clk 00:05:14]} {[%emt 00:00:02]} 30. Kf2 {[%clk 00:00:39]} {[%emt 00:00:17]}
Rxh3 {[%clk 00:05:23]} {[%emt 00:00:02]} 31. Rg1 {[%clk 00:00:43]} {[%emt
00:00:05]} Kh7 {[%clk 00:04:23]} {[%emt 00:01:09]} 32. c5 {[%clk 00:00:29]}
{[%emt 00:00:25]} Bxe4 {[%clk 00:01:17]} {[%emt 00:03:16]} 33. cxd6 {[%clk
00:00:25]} {[%emt 00:00:14]} Nxd5 {[%clk 00:01:24]} {[%emt 00:00:03]} 34. Rxg7+
{[%clk 00:00:18]} {[%emt 00:00:17]} Kxg7 {[%clk 00:01:32]} {[%emt 00:00:02]} 35.
d7 {[%clk 00:00:27]} {[%emt 00:00:01]} Rf3+ {[%clk 00:00:55]} {[%emt 00:00:48]}
36. Ke1 {[%clk 00:00:29]} {[%emt 00:00:08]} Bd3 {[%clk 00:00:51]} {[%emt
00:00:14]} 37. Bxh6+ {[%clk 00:00:37]} {[%emt 00:00:02]} Kxh6 {[%clk 00:00:57]}
{[%emt 00:00:04]} 38. d8=Q {[%clk 00:00:43]} {[%emt 00:00:03]} Nxc7 {[%clk
00:01:01]} {[%emt 00:00:06]} 39. Qh4+ {[%clk 00:00:44]} {[%emt 00:00:09]} Kg7
{[%clk 00:01:02]} {[%emt 00:00:10]} 40. Qg4+ {[%clk 00:00:53]} Bg6 {[%clk
00:01:11]} {[%emt 00:00:01]} 41. Qxf3 {[%emt 00:00:03]} Ne6 {[%clk 00:01:08]}
{[%emt 00:00:12]} 42. Qxb7+ {[%clk 00:01:06]} {[%emt 00:00:05]} Kf6 {[%clk
00:01:17]} 43. Qxa7 {[%clk 00:01:09]} {[%emt 00:00:07]} Nd4 {[%clk 00:01:26]}
{[%emt 00:00:02]} 44. Qb6+ {[%clk 00:01:04]} {[%emt 00:00:16]} Kg5 {[%clk
00:01:33]} {[%emt 00:00:02]} 45. a4 {[%clk 00:00:59]} {[%emt 00:00:15]} Bd3
{[%clk 00:01:22]} {[%emt 00:00:21]} 46. a5 {[%clk 00:00:51]} {[%emt 00:00:17]}
Kf4 {[%clk 00:01:15]} {[%emt 00:00:18]} 47. a6 {[%clk 00:00:43]} {[%emt
00:00:19]} Be4 {[%clk 00:01:04]} {[%emt 00:00:21]} 48. Qf6+ {[%clk 00:00:48]}
{[%emt 00:00:05]} Ke3 {[%clk 00:01:05]} {[%emt 00:00:09]} 49. Qf2+ {[%clk
00:00:50]} {[%emt 00:00:08]} Kd3 {[%clk 00:01:12]} {[%emt 00:00:03]} 50. Qg3+
{[%clk 00:00:43]} {[%emt 00:00:17]} Nf3+ {[%clk 00:00:50]} {[%emt 00:00:32]} 51.
Kf2 {[%clk 00:00:44]} {[%emt 00:00:09]} Ba8 {[%clk 00:00:49]} {[%emt 00:00:11]}
52. a7 {[%clk 00:00:25]} {[%emt 00:00:29]} e4 {[%clk 00:00:55]} {[%emt
00:00:03]} 53. Qd6+ {[%clk 00:00:31]} {[%emt 00:00:04]} Nd4 {[%clk 00:00:56]}
{[%emt 00:00:10]} 54. Qa6+ {[%clk 00:00:21]} {[%emt 00:00:20]} Kd2 {[%clk
00:00:59]} {[%emt 00:00:07]} 55. Qa5+ {[%clk 00:00:24]} {[%emt 00:00:08]} Kd3
{[%clk 00:01:08]} {[%emt 00:00:01]} 56. Qa3+ {[%clk 00:00:29]} {[%emt
00:00:04]} Kc4 {[%clk 00:00:56]} {[%emt 00:00:21]} 57. Qc3+ {[%clk 00:00:37]}
{[%emt 00:00:02]} Kd5 {[%clk 00:01:04]} {[%emt 00:00:02]} 58. Qc8 {[%clk
00:00:38]} {[%emt 00:00:09]} e3+ {[%clk 00:00:11]} {[%emt 00:01:03]} 59. Kxe3
{[%clk 00:00:38]} {[%emt 00:00:11]} Nf5+ {[%clk 00:00:17]} {[%emt 00:00:04]} 60.
Qxf5+ {[%clk 00:00:45]} {[%emt 00:00:03]} Kc6 {[%clk 00:00:27]} 61. Qc8+ {[%clk
00:00:52]} {[%emt 00:00:03]} Kb6 {[%clk 00:00:34]} {[%emt 00:00:01]} 62. Qxa8
{[%clk 00:00:58]} {[%emt 00:00:05]} Ka6 {[%clk 00:00:41]} {[%emt 00:00:03]} 63.
Qb8 {[%clk 00:01:07]} {[%emt 00:00:02]} Ka5 {[%clk 00:00:15]} {[%emt 00:00:36]}
64. a8=Q# {[%clk 00:01:11]} {[%emt 00:00:05]} 1-0

[Event "Kadettlandskamp NOR-SWE A 2018"]
[Site "NTG, Bærum, Norway"]
[Date "2018.12.15"]
[Round "2.3"]
[White "Kaasen, Tor Fredrik"]
[Black "Söderström, Adrian"]
[Result "1-0"]
[WhiteTitle "IM"]
[WhiteFideId "1516647"]
[BlackFideId "1745786"]
[WhiteElo "2106"]
[BlackElo "1949"]

1. d4 {[%clk 00:15:17]} {[%emt 00:00:02]} Nf6 {[%clk 00:15:15]} {[%emt
00:00:05]} 2. c4 {[%clk 00:15:27]} {[%emt 00:00:02]} g6 {[%clk 00:15:21]}
{[%emt 00:00:03]} 3. Nc3 {[%clk 00:15:36]} {[%emt 00:00:02]} Bg7 {[%clk
00:15:30]} 4. e4 {[%clk 00:15:42]} {[%emt 00:00:03]} d6 {[%clk 00:15:39]}
{[%emt 00:00:01]} 5. h3 {[%clk 00:15:50]} {[%emt 00:00:02]} O-O {[%clk
00:15:46]} {[%emt 00:00:03]} 6. Bg5 {[%clk 00:15:59]} c5 {[%clk 00:15:49]}
{[%emt 00:00:07]} 7. d5 {[%clk 00:16:05]} {[%emt 00:00:04]} h6 {[%clk
00:15:06]} {[%emt 00:00:53]} 8. Be3 {[%clk 00:16:12]} {[%emt 00:00:02]} e6
{[%clk 00:15:14]} {[%emt 00:00:03]} 9. Bd3 {[%clk 00:16:16]} {[%emt 00:00:06]}
exd5 {[%clk 00:15:09]} {[%emt 00:00:15]} 10. exd5 {[%clk 00:16:19]} {[%emt
00:00:07]} Nbd7 {[%clk 00:15:14]} {[%emt 00:00:05]} 11. Nf3 {[%clk 00:16:00]}
{[%emt 00:00:29]} Re8 {[%clk 00:15:12]} {[%emt 00:00:12]} 12. O-O {[%clk
00:16:06]} {[%emt 00:00:03]} a6 {[%clk 00:15:21]} {[%emt 00:00:02]} 13. a4
{[%clk 00:16:09]} {[%emt 00:00:07]} b6 {[%clk 00:15:12]} {[%emt 00:00:19]} 14.
Qd2 {[%clk 00:16:06]} {[%emt 00:00:13]} Kh7 {[%clk 00:15:19]} {[%emt 00:00:03]}
15. Bf4 {[%clk 00:16:12]} {[%emt 00:00:04]} Qc7 {[%clk 00:15:06]} {[%emt
00:00:23]} 16. Rfe1 {[%clk 00:15:34]} {[%emt 00:00:48]} Bb7 {[%clk 00:15:00]}
{[%emt 00:00:16]} 17. Rxe8 Rxe8 {[%clk 00:15:09]} 18. Re1 {[%clk 00:15:38]} Ne5
{[%clk 00:14:04]} {[%emt 00:01:16]} 19. Nxe5 {[%clk 00:13:30]} {[%emt
00:02:18]} dxe5 {[%clk 00:14:11]} {[%emt 00:00:03]} 20. Bh2 {[%clk 00:13:38]}
{[%emt 00:00:01]} Nd7 {[%clk 00:13:42]} {[%emt 00:00:38]} 21. h4 {[%clk
00:13:26]} {[%emt 00:00:22]} Qd8 {[%clk 00:12:05]} {[%emt 00:01:48]} 22. h5
{[%clk 00:13:22]} {[%emt 00:00:15]} Nf8 {[%clk 00:10:13]} {[%emt 00:02:02]} 23.
hxg6+ {[%clk 00:13:08]} {[%emt 00:00:24]} Nxg6 {[%clk 00:10:20]} {[%emt
00:00:02]} 24. Re3 {[%clk 00:12:32]} {[%emt 00:00:46]} Qg5 {[%clk 00:10:20]}
{[%emt 00:00:10]} 25. Ne4 {[%clk 00:12:14]} {[%emt 00:00:28]} Qe7 {[%clk
00:09:45]} {[%emt 00:00:45]} 26. Ng3 {[%clk 00:12:16]} {[%emt 00:00:08]} Qg5
{[%clk 00:09:09]} {[%emt 00:00:46]} 27. Qe1 {[%clk 00:09:42]} {[%emt 00:02:44]}
Kh8 {[%clk 00:08:48]} {[%emt 00:00:31]} 28. Nf5 {[%clk 00:09:09]} {[%emt
00:00:43]} Bc8 {[%clk 00:07:37]} {[%emt 00:01:22]} 29. Nd6 {[%clk 00:07:45]}
{[%emt 00:01:33]} Rf8 {[%clk 00:07:32]} {[%emt 00:00:15]} 30. Rg3 {[%clk
00:07:21]} {[%emt 00:00:34]} Qf6 {[%clk 00:07:14]} {[%emt 00:00:27]} 31. Nxf7+
{[%clk 00:07:13]} {[%emt 00:00:18]} Qxf7 {[%clk 00:07:06]} {[%emt 00:00:18]} 32.
Bxg6 {[%clk 00:07:20]} {[%emt 00:00:03]} Qf6 {[%clk 00:06:54]} {[%emt
00:00:22]} 33. Be4 {[%clk 00:07:18]} {[%emt 00:00:12]} Bf5 {[%clk 00:06:58]}
{[%emt 00:00:06]} 34. Bxf5 {[%clk 00:06:37]} {[%emt 00:00:52]} Qxf5 {[%clk
00:07:04]} {[%emt 00:00:03]} 35. Rf3 {[%clk 00:06:46]} Qc2 {[%clk 00:06:22]}
{[%emt 00:00:53]} 36. Rxf8+ {[%clk 00:06:40]} {[%emt 00:00:16]} Bxf8 {[%clk
00:06:31]} 37. Bxe5+ {[%clk 00:06:43]} {[%emt 00:00:07]} Kh7 {[%clk 00:06:15]}
{[%emt 00:00:26]} 38. Bc3 {[%clk 00:06:15]} {[%emt 00:00:38]} Qg6 {[%clk
00:06:09]} {[%emt 00:00:16]} 39. f3 {[%clk 00:06:00]} {[%emt 00:00:24]} Bd6
{[%clk 00:06:15]} {[%emt 00:00:05]} 40. Qe4 {[%clk 00:06:06]} {[%emt 00:00:04]}
1-0

[Event "Kadettlandskamp NOR-SWE A 2018"]
[Site "NTG, Bærum, Norway"]
[Date "2018.12.15"]
[Round "2.4"]
[White "Jönsson, Jacob"]
[Black "Lund, Gunnar"]
[Result "0-1"]
[WhiteFideId "1726315"]
[BlackFideId "1520814"]
[WhiteElo "1724"]
[BlackElo "2006"]

1. d4 {[%clk 00:15:18]} {[%emt 00:00:01]} Nf6 {[%clk 00:15:17]} {[%emt
00:00:03]} 2. c4 {[%clk 00:15:26]} {[%emt 00:00:02]} e6 {[%clk 00:15:20]}
{[%emt 00:00:07]} 3. Nf3 {[%clk 00:15:35]} {[%emt 00:00:02]} d5 {[%clk
00:15:29]} 4. Nc3 {[%clk 00:15:44]} {[%emt 00:00:02]} dxc4 {[%clk 00:15:37]}
{[%emt 00:00:02]} 5. e3 {[%clk 00:15:52]} {[%emt 00:00:01]} a6 {[%clk
00:15:45]} {[%emt 00:00:01]} 6. Bxc4 {[%clk 00:16:00]} {[%emt 00:00:03]} b5
{[%clk 00:15:54]} 7. Bd3 {[%clk 00:16:08]} {[%emt 00:00:03]} Bb7 {[%clk
00:15:57]} {[%emt 00:00:07]} 8. a4 {[%clk 00:15:47]} {[%emt 00:00:31]} b4
{[%clk 00:16:03]} {[%emt 00:00:04]} 9. Nb1 {[%clk 00:15:44]} {[%emt 00:00:13]}
c5 {[%clk 00:16:09]} {[%emt 00:00:04]} 10. Nbd2 {[%clk 00:15:20]} {[%emt
00:00:33]} Nbd7 {[%clk 00:16:14]} {[%emt 00:00:05]} 11. O-O {[%clk 00:15:25]}
{[%emt 00:00:07]} Be7 {[%clk 00:16:22]} 12. b3 {[%clk 00:15:27]} {[%emt
00:00:08]} O-O {[%clk 00:16:18]} {[%emt 00:00:14]} 13. Bb2 {[%clk 00:15:36]}
{[%emt 00:00:02]} Rc8 {[%clk 00:15:59]} {[%emt 00:00:28]} 14. Nc4 {[%clk
00:15:20]} {[%emt 00:00:26]} cxd4 {[%clk 00:15:58]} {[%emt 00:00:11]} 15. Bxd4
{[%clk 00:15:18]} {[%emt 00:00:12]} Nc5 {[%clk 00:15:15]} {[%emt 00:00:52]} 16.
Bc2 {[%clk 00:13:40]} {[%emt 00:01:49]} Bd5 {[%clk 00:15:08]} {[%emt 00:00:17]}
17. Nfe5 {[%clk 00:13:30]} {[%emt 00:00:20]} Qc7 {[%clk 00:14:49]} {[%emt
00:00:29]} 18. Rc1 {[%clk 00:12:55]} {[%emt 00:00:45]} Rfd8 {[%clk 00:14:48]}
{[%emt 00:00:09]} 19. Ng4 {[%clk 00:10:56]} {[%emt 00:02:11]} Nfd7 {[%clk
00:14:20]} {[%emt 00:00:38]} 20. Nce5 {[%clk 00:09:25]} {[%emt 00:01:41]} f6
{[%clk 00:13:36]} {[%emt 00:00:54]} 21. Nh6+ {[%clk 00:09:11]} {[%emt
00:00:25]} Kf8 {[%clk 00:12:23]} {[%emt 00:01:22]} 22. Nxd7+ {[%clk 00:07:39]}
{[%emt 00:01:42]} Qxd7 {[%clk 00:12:14]} {[%emt 00:00:20]} 23. Qh5 {[%clk
00:07:13]} {[%emt 00:00:36]} e5 {[%clk 00:10:55]} {[%emt 00:01:28]} 24. Bxc5
{[%clk 00:06:44]} {[%emt 00:00:39]} Rxc5 {[%clk 00:10:01]} {[%emt 00:01:04]} 25.
Nf5 {[%clk 00:04:45]} {[%emt 00:02:09]} Rxc2 {[%clk 00:07:58]} {[%emt
00:02:12]} 26. Rxc2 {[%clk 00:02:35]} {[%emt 00:02:22]} Be4 {[%clk 00:07:56]}
{[%emt 00:00:10]} 27. Rcc1 {[%clk 00:02:12]} {[%emt 00:00:34]} Qxf5 {[%clk
00:07:54]} {[%emt 00:00:11]} 28. Qxf5 {[%clk 00:02:10]} {[%emt 00:00:12]} Bxf5
{[%clk 00:08:02]} {[%emt 00:00:02]} 29. Rc6 {[%clk 00:02:17]} {[%emt 00:00:03]}
a5 {[%clk 00:07:13]} {[%emt 00:00:58]} 30. Ra6 {[%clk 00:02:05]} {[%emt
00:00:22]} Bd3 {[%clk 00:07:22]} {[%emt 00:00:01]} 31. Rxa5 {[%clk 00:02:11]}
{[%emt 00:00:05]} Bxf1 {[%clk 00:07:29]} {[%emt 00:00:02]} 32. Kxf1 {[%clk
00:02:19]} {[%emt 00:00:02]} Rd3 {[%clk 00:07:38]} 33. Ra8+ {[%clk 00:02:23]}
{[%emt 00:00:06]} Kf7 {[%clk 00:07:47]} 34. a5 {[%clk 00:02:30]} {[%emt
00:00:03]} Rxb3 {[%clk 00:07:56]} {[%emt 00:00:01]} 35. a6 {[%clk 00:02:35]}
{[%emt 00:00:06]} Ra3 {[%clk 00:08:03]} {[%emt 00:00:02]} 36. a7 {[%clk
00:02:31]} {[%emt 00:00:14]} b3 {[%clk 00:08:04]} {[%emt 00:00:09]} 37. Rb8
{[%clk 00:02:39]} {[%emt 00:00:02]} Rxa7 {[%clk 00:08:13]} {[%emt 00:00:01]} 38.
Rxb3 {[%clk 00:02:47]} {[%emt 00:00:01]} Ra2 {[%clk 00:08:17]} {[%emt
00:00:05]} 39. g3 {[%clk 00:02:43]} {[%emt 00:00:15]} h5 {[%clk 00:08:07]}
{[%emt 00:00:20]} 40. h4 {[%clk 00:02:43]} {[%emt 00:00:10]} Rc2 {[%clk
00:07:47]} {[%emt 00:00:29]} 41. Rd3 {[%clk 00:02:42]} {[%emt 00:00:12]} Ke6
{[%clk 00:07:52]} {[%emt 00:00:05]} 42. Rd1 {[%clk 00:02:43]} {[%emt 00:00:09]}
Bc5 {[%clk 00:07:52]} {[%emt 00:00:09]} 43. Rd3 {[%clk 00:02:44]} {[%emt
00:00:10]} Bd6 {[%clk 00:07:46]} {[%emt 00:00:16]} 44. Rd1 {[%clk 00:02:43]}
{[%emt 00:00:11]} Rc6 {[%clk 00:07:53]} {[%emt 00:00:03]} 45. Ra1 {[%clk
00:02:44]} {[%emt 00:00:09]} Rb6 {[%clk 00:08:01]} {[%emt 00:00:01]} 46. Ra7
{[%clk 00:02:52]} {[%emt 00:00:03]} Be7 {[%clk 00:08:06]} {[%emt 00:00:05]} 47.
Rc7 {[%clk 00:02:59]} {[%emt 00:00:03]} Ra6 {[%clk 00:08:14]} {[%emt 00:00:02]}
48. Rb7 {[%clk 00:03:04]} {[%emt 00:00:05]} Kf7 {[%clk 00:08:19]} {[%emt
00:00:05]} 49. Rc7 {[%clk 00:03:11]} {[%emt 00:00:03]} Kf8 {[%clk 00:08:23]}
{[%emt 00:00:06]} 50. Rc8+ {[%clk 00:03:18]} {[%emt 00:00:03]} Kf7 {[%clk
00:08:32]} 51. Rc7 {[%clk 00:03:27]} {[%emt 00:00:01]} g6 {[%clk 00:08:40]}
{[%emt 00:00:02]} 52. Rb7 {[%clk 00:03:34]} {[%emt 00:00:04]} Rd6 {[%clk
00:08:48]} 53. Ke2 {[%clk 00:03:38]} {[%emt 00:00:06]} Rc6 {[%clk 00:08:57]}
{[%emt 00:00:01]} 54. Ra7 {[%clk 00:03:47]} Rb6 {[%clk 00:09:06]} {[%emt
00:00:01]} 55. Rc7 {[%clk 00:03:56]} {[%emt 00:00:01]} Ke6 {[%clk 00:09:15]} 56.
Ra7 {[%clk 00:03:59]} {[%emt 00:00:06]} Rc6 {[%clk 00:09:24]} {[%emt 00:00:02]}
57. Rb7 {[%clk 00:04:02]} {[%emt 00:00:07]} Rd6 {[%clk 00:09:33]} 58. Rc7
{[%clk 00:04:10]} {[%emt 00:00:03]} Ra6 {[%clk 00:09:40]} {[%emt 00:00:02]} 59.
Rb7 {[%clk 00:04:18]} Ra2+ {[%clk 00:09:49]} 60. Kf3 {[%clk 00:04:21]} {[%emt
00:00:10]} Rd2 {[%clk 00:09:53]} {[%emt 00:00:06]} 61. Ra7 {[%clk 00:04:26]}
{[%emt 00:00:05]} Rd1 {[%clk 00:10:01]} {[%emt 00:00:03]} 62. Rb7 {[%clk
00:04:31]} {[%emt 00:00:04]} Ra1 {[%clk 00:09:54]} {[%emt 00:00:16]} 63. Rc7
{[%clk 00:04:39]} {[%emt 00:00:02]} Rb1 {[%clk 00:09:58]} {[%emt 00:00:07]} 64.
Ra7 {[%clk 00:04:48]} {[%emt 00:00:01]} g5 {[%clk 00:09:58]} {[%emt 00:00:10]}
65. hxg5 {[%clk 00:04:56]} {[%emt 00:00:02]} fxg5 {[%clk 00:10:06]} 66. Rc7
{[%clk 00:04:49]} {[%emt 00:00:18]} Rb2 {[%clk 00:10:07]} {[%emt 00:00:09]} 67.
Ra7 {[%clk 00:04:56]} {[%emt 00:00:03]} Rd2 {[%clk 00:09:53]} {[%emt 00:00:24]}
68. Ra8 {[%clk 00:05:02]} {[%emt 00:00:03]} Bf6 {[%clk 00:09:59]} {[%emt
00:00:04]} 69. Ra7 {[%clk 00:05:05]} {[%emt 00:00:07]} Rd7 {[%clk 00:10:07]}
{[%emt 00:00:03]} 70. Ra6+ {[%clk 00:05:14]} {[%emt 00:00:01]} Kf5 {[%clk
00:10:16]} 71. g4+ {[%clk 00:05:09]} {[%emt 00:00:16]} hxg4+ {[%clk 00:10:20]}
{[%emt 00:00:05]} 72. Kg3 {[%clk 00:05:18]} {[%emt 00:00:02]} e4 {[%clk
00:10:28]} {[%emt 00:00:02]} 73. Ra5+ {[%clk 00:05:26]} {[%emt 00:00:02]} Be5+
{[%clk 00:10:37]} 74. Kg2 {[%clk 00:05:31]} {[%emt 00:00:05]} Rd2 {[%clk
00:10:46]} {[%emt 00:00:01]} 75. Ra8 {[%clk 00:05:35]} {[%emt 00:00:07]} g3
{[%clk 00:10:46]} {[%emt 00:00:09]} 76. Rf8+ {[%clk 00:05:43]} {[%emt
00:00:02]} Ke6 {[%clk 00:10:50]} {[%emt 00:00:06]} 77. Kf1 {[%clk 00:05:36]}
{[%emt 00:00:18]} Rxf2+ {[%clk 00:10:59]} {[%emt 00:00:01]} 78. Rxf2 {[%clk
00:05:44]} {[%emt 00:00:03]} gxf2 {[%clk 00:11:07]} {[%emt 00:00:02]} 79. Kxf2
{[%clk 00:05:51]} {[%emt 00:00:03]} Bc7 {[%clk 00:11:14]} {[%emt 00:00:01]} 0-1

[Event "Kadettlandskamp NOR-SWE A 2018"]
[Site "NTG, Bærum, Norway"]
[Date "2018.12.15"]
[Round "2.5"]
[White "Nordquelle, Daniel"]
[Black "Trost, Edvin"]
[Result "1-0"]
[WhiteTitle "FM"]
[WhiteFideId "1519042"]
[BlackFideId "1729519"]
[WhiteElo "2020"]
[BlackElo "1856"]

1. e4 {[%emt 00:01:06]} c5 2. Nc3 {[%emt 00:00:03]} Nc6 {[%emt 00:00:02]} 3.
Bb5 {[%emt 00:00:03]} Nd4 {[%clk 00:14:57]} {[%emt 00:00:29]} 4. Bc4 {[%clk
00:15:20]} {[%emt 00:00:02]} e6 {[%clk 00:14:37]} {[%emt 00:00:30]} 5. Nge2
{[%clk 00:15:19]} {[%emt 00:00:11]} Qc7 {[%clk 00:14:35]} {[%emt 00:00:12]} 6.
d3 {[%clk 00:15:17]} {[%emt 00:00:12]} Ne7 {[%clk 00:14:31]} {[%emt 00:00:14]}
7. Nxd4 {[%clk 00:14:54]} {[%emt 00:00:33]} cxd4 {[%clk 00:14:24]} {[%emt
00:00:19]} 8. Ne2 {[%clk 00:14:59]} {[%emt 00:00:04]} Nc6 {[%clk 00:14:12]}
{[%emt 00:00:22]} 9. a3 {[%clk 00:14:58]} {[%emt 00:00:11]} d5 {[%clk
00:14:04]} {[%emt 00:00:19]} 10. exd5 {[%clk 00:14:39]} {[%emt 00:00:28]} exd5
{[%clk 00:14:13]} {[%emt 00:00:01]} 11. Bb3 {[%clk 00:14:37]} {[%emt 00:00:12]}
Bd6 {[%clk 00:14:15]} {[%emt 00:00:08]} 12. Ng3 {[%clk 00:13:25]} {[%emt
00:01:22]} O-O {[%clk 00:14:20]} {[%emt 00:00:04]} 13. O-O {[%clk 00:13:32]}
{[%emt 00:00:04]} Be6 {[%clk 00:14:29]} {[%emt 00:00:02]} 14. Qh5 {[%clk
00:13:30]} {[%emt 00:00:10]} Ne5 {[%clk 00:14:21]} {[%emt 00:00:18]} 15. h3
{[%clk 00:12:47]} {[%emt 00:00:55]} Ng6 {[%clk 00:12:44]} {[%emt 00:01:46]} 16.
Nf5 {[%clk 00:12:17]} {[%emt 00:00:40]} Be5 {[%clk 00:12:46]} {[%emt 00:00:09]}
17. Re1 {[%clk 00:11:51]} {[%emt 00:00:35]} Rfe8 {[%clk 00:12:40]} {[%emt
00:00:16]} 18. Bd2 {[%clk 00:11:24]} {[%emt 00:00:37]} Qd7 {[%clk 00:10:38]}
{[%emt 00:02:12]} 19. Nh4 {[%clk 00:11:16]} {[%emt 00:00:18]} Bc7 {[%clk
00:09:45]} {[%emt 00:01:03]} 20. Nf3 {[%clk 00:10:36]} {[%emt 00:00:50]} Qd6
{[%clk 00:09:01]} {[%emt 00:00:54]} 21. g3 {[%clk 00:09:46]} {[%emt 00:00:59]}
Bb6 {[%clk 00:07:00]} {[%emt 00:02:12]} 22. Ng5 {[%clk 00:09:17]} {[%emt
00:00:38]} Nf8 {[%clk 00:06:26]} {[%emt 00:00:44]} 23. Bf4 {[%clk 00:05:28]}
{[%emt 00:03:58]} Qd7 {[%clk 00:06:24]} {[%emt 00:00:14]} 24. Kg2 {[%clk
00:04:30]} {[%emt 00:01:05]} Rad8 {[%clk 00:06:26]} {[%emt 00:00:10]} 25. Re2
{[%clk 00:03:48]} {[%emt 00:00:53]} h6 {[%clk 00:04:34]} {[%emt 00:02:02]} 26.
Nf3 {[%clk 00:03:42]} {[%emt 00:00:15]} Ng6 {[%clk 00:04:24]} {[%emt 00:00:20]}
27. Rae1 {[%clk 00:03:05]} {[%emt 00:00:45]} Nxf4+ {[%clk 00:03:38]} {[%emt
00:00:58]} 28. gxf4 {[%clk 00:03:14]} {[%emt 00:00:01]} Ba5 {[%clk 00:03:44]}
{[%emt 00:00:04]} 29. Rg1 {[%clk 00:03:04]} {[%emt 00:00:18]} Bxh3+ {[%clk
00:03:43]} {[%emt 00:00:13]} 30. Qxh3 {[%clk 00:03:03]} {[%emt 00:00:11]} Qxh3+
{[%clk 00:03:52]} 31. Kxh3 {[%clk 00:03:11]} {[%emt 00:00:03]} Rxe2 {[%clk
00:04:01]} {[%emt 00:00:01]} 32. Kg3 {[%clk 00:03:05]} {[%emt 00:00:16]} Bb6
{[%clk 00:03:47]} {[%emt 00:00:24]} 33. Ne5 {[%clk 00:02:42]} {[%emt 00:00:33]}
a5 {[%clk 00:02:47]} {[%emt 00:01:10]} 34. Kf3 {[%clk 00:02:34]} {[%emt
00:00:18]} Rd2 {[%clk 00:02:56]} {[%emt 00:00:01]} 35. Ba4 {[%clk 00:02:43]} f6
{[%clk 00:02:36]} {[%emt 00:00:30]} 36. Ng6 {[%clk 00:02:45]} {[%emt 00:00:07]}
Kf7 {[%clk 00:02:42]} {[%emt 00:00:05]} 37. Nh4 {[%clk 00:02:19]} {[%emt
00:00:35]} h5 {[%clk 00:01:52]} {[%emt 00:01:00]} 38. f5 {[%clk 00:02:11]}
{[%emt 00:00:18]} Bc5 {[%clk 00:01:45]} {[%emt 00:00:17]} 39. Ng6 {[%clk
00:02:10]} {[%emt 00:00:11]} b5 {[%clk 00:01:46]} {[%emt 00:00:10]} 40. Bxb5
{[%clk 00:01:35]} {[%emt 00:00:45]} Rxc2 {[%clk 00:01:53]} {[%emt 00:00:03]} 41.
Nf4 {[%clk 00:01:39]} {[%emt 00:00:05]} Bf8 {[%clk 00:00:50]} {[%emt 00:01:13]}
42. a4 {[%clk 00:00:56]} {[%emt 00:00:54]} Rxb2 {[%clk 00:00:28]} {[%emt
00:00:33]} 43. Rc1 {[%clk 00:00:44]} {[%emt 00:00:21]} Bd6 {[%clk 00:00:27]}
{[%emt 00:00:11]} 44. Ne6 {[%clk 00:00:41]} {[%emt 00:00:13]} Rh8 {[%clk
00:00:19]} {[%emt 00:00:18]} 45. Rc6 {[%clk 00:00:48]} {[%emt 00:00:04]} Be7
{[%clk 00:00:17]} {[%emt 00:00:12]} 46. Rc7 {[%clk 00:00:48]} {[%emt 00:00:09]}
h4 {[%clk 00:00:25]} {[%emt 00:00:03]} 47. Nf4 {[%clk 00:00:55]} {[%emt
00:00:02]} h3 {[%clk 00:00:30]} {[%emt 00:00:06]} 48. Ng6 {[%clk 00:00:55]}
{[%emt 00:00:11]} Rh5 {[%clk 00:00:13]} {[%emt 00:00:27]} 49. Rxe7+ {[%clk
00:01:01]} {[%emt 00:00:03]} Kg8 {[%clk 00:00:22]} 50. Re8+ {[%clk 00:01:09]}
{[%emt 00:00:02]} Kf7 {[%clk 00:00:31]} {[%emt 00:00:01]} 51. Rf8# {[%clk
00:01:18]} {[%emt 00:00:01]} 1-0